Pays les plus proches de la Thaïlande par deux lettres - Statistiques

Statistiques générales
  • Ce quiz a été pris 203 fois
  • Le résultat moyen est 15 sur 20
Statistiques - réponses
km pays % Correct
115 Chine
97%
486 Inde
96%
301 Indonésie
96%
0 Laos
92%
0 Cambodge
88%
104 Viêt Nam
88%
0 Malaisie
85%
0 Birmanie
82%
2053 Japon
77%
524 Singapour
74%
2766 Corée du Sud
72%
1258 Népal
71%
579 Bangladesh
69%
1440 Philippines
66%
1734 Taïwan
66%
2648 Pakistan
63%
1810 Sri Lanka
59%
993 Bhoutan
56%
2396 Mongolie
53%
1341 Brunei
51%
Aucun quiz correspondant
Distribution des résultats
% des personnes avec chaque résultat
Percentile par nombre de réponses
Votre historique - résultats
Vous n’avez pas pris ce quiz